| 000 | 00418nam a2200157 i 4500 | ||
|---|---|---|---|
| 001 | 61790 | ||
| 003 | ES-MaACL | ||
| 005 | 20230906164537.0 | ||
| 007 | t| | ||
| 008 | 031113s1931 fr ||||1| fre d | ||
| 100 | 1 |
_aFarrère, Claude. _948900 |
|
| 245 | 1 | 0 |
_aShahrâ sultane et la mer / _cClaude Farrere. |
| 260 |
_aParís : _b[s.n., _c1931] ( _fE. Grevin) |
||
| 300 |
_a246 p. ; _c19 cm. |
||
| 852 |
_aES-MaACL _jF-13789 |
||
| 999 |
_c61790 _d61790 |
||